000
00220nam a22000857a 4500
008
160624b xxu||||| |||| 00| 0 eng d
100
_9
1043
_a
Lewis, B
245
_a
The Mudhale Mystery
260
_a
Minnesata
_b
BethaN.Y House
_c
1997
999
_c
836
_d
836